000 00503nam a2200181Ia 4500
005 20240823061835.0
008 240823s9999||||xx |||||||||||||| ||und||
041 _aENGLISH
082 _A616.865075 P1
100 _aHedge M N
245 0 _aPocket Guide to Treatment in Speech-Language Pathology
250 _a2nd
260 _c2001
_bSingular Publishing Group
500 _aTRANSFERED
650 _aAudiology Speech and Language Pathology
_bAllied Health Science
942 _cBK
999 _c234478
_d234478